Noms des treize nains du Hobbit - Statistiques

Statistiques générales
  • Ce quiz a été pris 125 fois
  • Le résultat moyen est 11 sur 13
Statistiques - réponses
Réponse % Correct
Thorin
98%
Fíli
92%
Kíli
92%
Balin
91%
Bombur
91%
Bifur
85%
Bofur
85%
Dwalin
81%
Glóin,
80%
Ori
78%
Óin,
76%
Nori
75%
Dori
74%
Aucun quiz correspondant
Distribution des résultats
% des personnes avec chaque résultat
Percentile par nombre de réponses
Votre historique - résultats
Vous n’avez pas pris ce quiz